| 000 | 00739cam a2200265 4500 | ||
|---|---|---|---|
| 001 | 29647 | ||
| 005 | 20220405165403.0 | ||
| 090 | _a29647 | ||
| 100 | _a20090107d1976 m y0pory5003 ba | ||
| 304 | _aTít. orig. : Psychologie Compareé | ||
| 095 | _aPTBN00001108 | ||
| 101 | 1 |
_apor _cfre |
|
| 102 | _aPT | ||
| 930 | _lBECRE | ||
| 675 |
_a159.9 _vmed _zpor |
||
| 700 | 1 |
_aGuiochet, _bH. |
|
| 702 | 1 |
_aFigueira, _bBelmiro Narciso _4730 |
|
| 998 | _aFSE03 - 00016 | ||
| 200 | 1 |
_aPsicologia comparada _erapaz-rapariga _fH. Guiochet _gtrad. Belmiro Narciso Figueira |
|
| 205 | _a3a ed | ||
| 210 |
_a[Apelação] _cEd. Paulistas, _dimp. 1976 |
||
| 215 |
_a173, [3] p. _d21 cm |
||
| 225 | 2 |
_aTemas para a juventude _v1 |
|
| 801 | 0 |
_aPT _bBN _gRPC |
|
| 990 | _cLIVROS | ||